Fundamentals of machine component design / (Record no. 8606)

MARC details
000 -LEADER
fixed length control field 01390nac a22002891u 4500
010 ## - LIBRARY OF CONGRESS CONTROL NUMBER
LC control number 2005047031
020 ## - INTERNATIONAL STANDARD BOOK NUMBER
International Standard Book Number 0471661775
035 ## - SYSTEM CONTROL NUMBER
System control number (OCoLC)ocm58832353
082 00 - DEWEY DECIMAL CLASSIFICATION NUMBER
Classification number 621.815
Item number JUV
090 ## - LOCALLY ASSIGNED LC-TYPE CALL NUMBER (OCLC); LOCAL CALL NUMBER (OCLC)
-- 8606
-- 8606
100 ## - MAIN ENTRY--PERSONAL NAME
Personal name Juvinall, Robert C.
245 10 - TITLE STATEMENT
Title Fundamentals of machine component design /
Statement of responsibility, etc Robert C. Juvinall, Kurt M. Marshek.
250 ## - EDITION STATEMENT
Edition statement 4th ed.
260 ## - PUBLICATION, DISTRIBUTION, ETC. (IMPRINT)
Place of publication, distribution, etc Hoboken, NJ :
Name of publisher, distributor, etc John Wiley & Sons,c2006.
Date of publication, distribution, etc c2006.
300 ## - PHYSICAL DESCRIPTION
Extent xvi, 832 p. :
Other physical details ill. ;
Dimensions 27 cm.
500 ## - GENERAL NOTE
General note Distributer: Al-Ahram.
504 ## - BIBLIOGRAPHY, ETC. NOTE
Bibliography, etc Includes bibliographical references and index.
511 ## - PARTICIPANT OR PERFORMER NOTE
Participant or performer note Catalogued By: Mahitab.
650 #0 - SUBJECT ADDED ENTRY--TOPICAL TERM
Topical term or geographic name as entry element Machine design.
700 1# - ADDED ENTRY--PERSONAL NAME
Personal name Marshek, Kurt M.
856 42 - ELECTRONIC LOCATION AND ACCESS
Materials specified Publisher description
Uniform Resource Identifier <a href="http://www.loc.gov/catdir/enhancements/fy0624/2005047031-d.html">http://www.loc.gov/catdir/enhancements/fy0624/2005047031-d.html</a>
856 42 - ELECTRONIC LOCATION AND ACCESS
Materials specified Table of contents only
Uniform Resource Identifier <a href="http://www.loc.gov/catdir/enhancements/fy0624/2005047031-t.html">http://www.loc.gov/catdir/enhancements/fy0624/2005047031-t.html</a>
942 ## - ADDED ENTRY ELEMENTS (KOHA)
Item type
Call number prefix 621.815JUV
Holdings
Withdrawn status Item status Source of classification or shelving scheme Damaged status Not for loan Home library Current library Shelving location Date acquired Source of acquisition Total Checkouts Total Renewals Full call number Barcode Date last seen Date last borrowed Koha item type Vendor
    Dewey Decimal Classification     Central Library Central Library First floor 08/03/2016 Purchase 17 104 621.815 JUV 000010596 15/07/2025 20/02/2020 Book - Borrowing  
    Dewey Decimal Classification     Central Library Central Library First floor 11/10/2011       621.815 JUV 000005946 15/07/2025   NB - Book (Non borrowing)  
    Dewey Decimal Classification     Central Library Central Library First floor 11/10/2011   7 39 621.815 JUV 000005945 15/07/2025 29/09/2019 Book - Borrowing